000 00776nam a22002417a 4500
001 41065
003 UA-OsUOA
005 20200928153417.0
007 ta
008 20060914b un ||||| |||| 00| 0 ukr d
040 _aUA-OsUOA
_bukr
_cUA-OsUOA
_dUA-OsUOA
041 _aukr
080 _a821.161.2
090 _a821.161.2
_bГ79
100 _aГребінка Є.
245 _aЧайковський
_bромани та повісті
_cЄвген Гребінка ; перекл. з рос. Діодора Бобиря
260 _aК.
_bДніпро
_c1966
300 _a511 с.
650 7 _a82 Література. Літературознавство
_2UDC
942 _cBK
_2udc
955 _a3
999 _c327209
_d327209